书目信息 |
| 题名: |
跟大师学文化
|
|
| 作者: | 闻一多 , 季羡林 著 | |
| 分册: | ||
| 出版信息: | 北京 光明日报出版社 2005 |
|
| 页数: | 189页 | |
| 开本: | 21cm | |
| 丛书名: | 彩色读书之旅 | |
| 单 册: | ||
| 中图分类: | I16 , B821-49 | |
| 科图分类: | ||
| 主题词: | 散文--世界--选集 , 人生观 | |
| 电子资源: | ||
| ISBN: | 7-80145-975-X | |
| 000 | 01092oam2 2200313 450 | |
| 001 | 1554894751 | |
| 005 | 20150124151530.43 | |
| 010 | @a7-80145-975-X@dCNY20.00 | |
| 100 | @a20060627d2005 em y0chiy50 ea | |
| 101 | 0 | @achi |
| 102 | @aCN@b110000 | |
| 105 | @aa z 000cy | |
| 200 | 1 | @a跟大师学文化@9gen da shi xue wen hua@dLearning culture from great masters@f闻一多,季羡林等著@zeng |
| 210 | @a北京@c光明日报出版社@d2005 | |
| 215 | @a189页@c图@d21cm | |
| 225 | 2 | @a彩色读书之旅 |
| 225 | 2 | @a影响人一生的文章 |
| 330 | @a本书收录中外名家散文作品,包括:聂鲁达的《同样面孔的两帧相片》、培根的《论读书》、闻一多的《什么是儒家——中国士大夫研究之一》肖洛霍夫的《剥书皮和编树皮鞋》等。 | |
| 461 | 0 | @12001 @a彩色读书之旅 |
| 461 | 0 | @12001 @a影响人一生的文章 |
| 510 | 1 | @aLearning culture from great masters@zeng |
| 606 | 0 | @a散文@y世界@j选集 |
| 606 | 0 | @a人生观 |
| 690 | @aI16@v5 | |
| 690 | @aB821-49@v4 | |
| 701 | 0 | @a闻一多@9wen yi duo@f(1899~1946)@4著 |
| 701 | 0 | @a季羡林@9ji xian lin@f(1911~2009)@4著 |
| 801 | 0 | @aCN@bTSSF@c20150115 |
| 905 | @aZUCC@dB821-49@eJY4 | |
| 跟大师学文化=Learning culture from great masters/闻一多,季羡林等著.-北京:光明日报出版社,2005 |
| 189页:图;21cm.-(彩色读书之旅).-(影响人一生的文章) |
| ISBN 7-80145-975-X:CNY20.00 |
| 本书收录中外名家散文作品,包括:聂鲁达的《同样面孔的两帧相片》、培根的《论读书》、闻一多的《什么是儒家——中国士大夫研究之一》肖洛霍夫的《剥书皮和编树皮鞋》等。 |
| ● |
| 相关链接 |
|
|
|
|
正题名:跟大师学文化
索取号:B821-49/JY4
 
预约/预借
| 序号 | 登录号 | 条形码 | 馆藏地/架位号 | 状态 | 备注 |
| 1 | 7846067 | 278460675 | 学院路分馆/ [索取号:B821-49/JY4] | 在馆 |